<?xml version="1.0" encoding="UTF-8"?>
<marc:record xmlns:marc="http://www.loc.gov/MARC21/slim">
   <marc:leader>00000nam a2200000 a 4500</marc:leader>
   <marc:datafield ind1="1" ind2=" " tag="100">
      <marc:subfield code="a">Stower, Adam</marc:subfield>
      <marc:subfield code="4">aut</marc:subfield>
      <marc:subfield code="e">Verfasser/-in</marc:subfield>
   </marc:datafield>
   <marc:datafield ind1="0" ind2="0" tag="245">
      <marc:subfield code="a">König Guu 3: Das Ding aus dem All</marc:subfield>
   </marc:datafield>
   <marc:datafield ind1="0" ind2="0" tag="245">
      <marc:subfield code="c">Adam Stower</marc:subfield>
   </marc:datafield>
   <marc:datafield ind1=" " ind2="1" tag="264">
      <marc:subfield code="a">Stuttgart</marc:subfield>
      <marc:subfield code="b">Planet! in der Thienemann-Esslinger Verlag GmbH</marc:subfield>
      <marc:subfield code="c">2021</marc:subfield>
   </marc:datafield>
   <marc:datafield ind1="1" ind2=" " tag="490">
      <marc:subfield code="a">König Guu</marc:subfield>
      <marc:subfield code="v">3</marc:subfield>
   </marc:datafield>
   <marc:datafield ind1="1" ind2=" " tag="520">
      <marc:subfield code="a">Angaben aus der Verlagsmeldung

König Guu 3: Das Ding aus dem All / von Adam Stower

Von Alienkeimen und anderen Merkwürdigkeiten – König Guu ist zurück!Wenn ein Raumschiff vom Himmel fällt, Wackelpudding von der Decke tropft und plötzlich alle Schüler und Lehrer mitten im Winter ohne Schuhe herumlaufen, stimmt irgendetwas ganz und gar nicht! Sogar die durchgeknallte Schulkrankenschwester Miss Zink verhält sich noch durchgeknallter als sonst – sie versucht zusammen mit mysteriösen Agenten in Schwarz das Geheimnis um das Ding aus dem All zu lüften, das sich angeblich in König Guus Wäldern herumtreibt. Ben, Guu und Herbert der Wombat dürfen nicht zulassen, dass die Eindringlinge tiefer in den Wald kommen! Aber Guu wäre nicht Guu, wenn sie nicht noch ein paar Tricks auf Lager hätte …Ein lustiges Abenteuer mit Comic-Elementen, das besonders gut für ungeübte Leser und Leserinnen ab 8 Jahren geeignet ist!
</marc:subfield>
   </marc:datafield>
   <marc:datafield ind1=" " ind2=" " tag="020">
      <marc:subfield code="a">9783522506892</marc:subfield>
      <marc:subfield code="9">9783522506892</marc:subfield>
   </marc:datafield>
   <marc:datafield ind1=" " ind2=" " tag="020">
      <marc:subfield code="a">3522506898</marc:subfield>
      <marc:subfield code="9">3522506898</marc:subfield>
   </marc:datafield>
   <marc:datafield ind1=" " ind2=" " tag="041">
      <marc:subfield code="a">ger</marc:subfield>
   </marc:datafield>
   <marc:datafield ind1=" " ind2=" " tag="300">
      <marc:subfield code="a">208 Seiten</marc:subfield>
   </marc:datafield>
</marc:record>
